[Event "Mumbai One Wealth op"]
[Site "Mumbai"]
[Date "2024.02.09"]
[Round "5"]
[White "Raghav, Srivathsav V"]
[Black "Kulkarni, Vikramaditya"]
[Result "0-1"]
[WhiteElo "1980"]
[BlackElo "2193"]
[PlyCount "106"]
[EventDate "2024.02.05"]
[EventType "swiss"]
[EventRounds "7"]
[EventCountry "IND"]
[SourceTitle "CB08_2024"]
[SourceDate "2024.02.21"]
[SourceVersion "1"]
[SourceVersionDate "2024.02.21"]
[SourceQuality "1"]

1. Nf3 Nf6 2. d4 c5 3. d5 b5 4. a4 Bb7 5. axb5 Bxd5 6. Bg5 Bb7 7. Nbd2 d6 8. e3 g6 9. Bxf6 exf6 10. Nb3 a6 11. bxa6 Nxa6 12. Bb5+ Ke7 13. Na5 Qb6 14. Nxb7 Qxb7 15. Be2 Bg7 16. 0-0 Nc7 17. Rb1 f5 18. b4 cxb4 19. Nd4 Bxd4 20. Bf3 Qb6 21. Bxa8 Bc3 22. Bf3 Qb5 23. Qd3 Qxd3 24. cxd3 d5 25. Rfc1 Kd6 26. Kf1 Ra8 27. e4 Ra2 28. exd5 Nb5 29. Rb3 Nd4 30. Rbb1 Nxf3 31. gxf3 Kxd5 32. f4 Rd2 33. Rd1 Rc2 34. Kg2 Kd4 35. Kf3 Ra2 36. h3 Ra3 37. Ke2 b3 38. Kf3 b2 39. Ke2 Ra1 40. Rf1 Ra6 41. Rfd1 Ra7 42. Kf3 Re7 43. Kg2 Re2 44. Kg3 Rc2 45. Kf3 Bd2 46. Ke2 Bxf4+ 47. Kf1 Rc1 48. Ke2 Rxb1 49. Rxb1 Bc1 50. h4 h5 51. f4 Kc3 52. d4 Kxd4 53. Kd1 Ke4 0-1

[Event "Rilton Cup 50th"]
[Site "Stockholm"]
[Date "2023.01.03"]
[Round "7"]
[White "Raghav, Srivathsav V"]
[Black "Wernberg, Hugo"]
[Result "1/2-1/2"]
[WhiteElo "2059"]
[BlackElo "2255"]
[PlyCount "107"]
[EventDate "2022.12.27"]
[EventType "swiss"]
[EventRounds "9"]
[EventCountry "SWE"]
[SourceTitle "CBM 212 Extra"]
[Source "ChessBase"]
[SourceDate "2023.03.31"]
[SourceVersion "1"]
[SourceVersionDate "2023.03.31"]
[SourceQuality "1"]

1. e4 e5 2. Nf3 Nc6 3. Bc4 Bc5 4. d3 Nf6 5. Nc3 h6 6. Be3 Bxe3 7. fxe3 d6 8. 0-0 Na5 9. Bb3 Nxb3 10. axb3 0-0 11. Qe1 c6 12. h3 Qe7 13. Nh4 d5 14. exd5 Nxd5 15. Nf5 Bxf5 16. Rxf5 Qe6 17. Rf2 f5 18. e4 Nf4 19. exf5 Rxf5 20. Kh2 Raf8 21. Qe4 a6 22. Qc4 Qxc4 23. bxc4 Ne6 24. Rxf5 Rxf5 25. Ne4 Nc7 26. Kg1 b5 27. b3 Rf8 28. Nd6 Ra8 29. b4 bxc4 30. Nxc4 Nd5 31. Nxe5 Nxb4 32. c3 Nd5 33. Nxc6 Nxc3 34. Ra5 Nb5 35. d4 Kf7 36. d5 Ke8 37. Nb4 Kd7 38. Nxa6 Kd6 39. Rxb5 Rxa6 40. h4 Ra4 41. g3 Rg4 42. Kf2 g6 43. h5 gxh5 44. Kf3 Ra4 45. Rb6+ Kxd5 46. Rb5+ Ke6 47. Rxh5 Kf6 48. Rxh6+ Kg5 49. Rb6 Ra3+ 50. Kg2 Ra8 51. Rb5+ Kg4 52. Rb4+ Kg5 53. Rh4 Ra1 54. Rh8 1/2-1/2

[Event "Sitges Sunway op 9th"]
[Site "Sitges"]
[Date "2022.12.20"]
[Round "8"]
[White "Raghav, Srivathsav V"]
[Black "Torngren, Gustav"]
[Result "0-1"]
[WhiteElo "2059"]
[BlackElo "2275"]
[PlyCount "68"]
[EventDate "2022.12.12"]
[EventType "swiss"]
[EventRounds "10"]
[EventCountry "ESP"]
[SourceTitle "CBM 211 Extra"]
[Source "ChessBase"]
[SourceDate "2023.01.31"]
[SourceVersion "1"]
[SourceVersionDate "2023.01.31"]
[SourceQuality "1"]

1. b3 e5 2. Bb2 Nc6 3. e4 Nf6 4. d3 Bc5 5. Nd2 d6 6. h3 a5 7. a3 0-0 8. Ngf3 Re8 9. g3 d5 10. Bg2 dxe4 11. Nxe4 Nxe4 12. dxe4 Qe7 13. 0-0 f6 14. Qe2 b6 15. Rfd1 Ba6 16. c4 Rad8 17. Nh4 g6 18. Nf3 Rxd1+ 19. Qxd1 Rd8 20. Qc2 Qd7 21. Bf1 Bd4 22. Nxd4 Nxd4 23. Qd1 Bb7 24. Bg2 Ne6 25. Qe2 Qd3 26. Qg4 Kf7 27. Qh4 Qxb3 28. Qxh7+ Ng7 29. Bc1 Qc3 30. Bh6 Qxa1+ 31. Kh2 Rg8 32. f4 Qb2 33. Kh1 Qb1+ 34. Kh2 Bxe4 0-1

[Event "Sitges Sunway op 9th"]
[Site "Sitges"]
[Date "2022.12.12"]
[Round "1"]
[White "Nigmatov, Ortik"]
[Black "Raghav, Srivathsav V"]
[Result "1-0"]
[WhiteElo "2439"]
[BlackElo "2059"]
[PlyCount "59"]
[EventDate "2022.12.12"]
[EventType "swiss"]
[EventRounds "10"]
[EventCountry "ESP"]
[SourceTitle "CBM 211 Extra"]
[Source "ChessBase"]
[SourceDate "2023.01.31"]
[SourceVersion "1"]
[SourceVersionDate "2023.01.31"]
[SourceQuality "1"]

1. e4 d5 2. exd5 Qxd5 3. Nc3 Qd6 4. d4 Nf6 5. Nf3 a6 6. Bg5 Bf5 7. Qd2 Nc6 8. Bf4 Qd7 9. 0-0-0 e6 10. Nh4 Bg6 11. Nxg6 hxg6 12. d5 exd5 13. Nxd5 Nxd5 14. Qxd5 Qxd5 15. Rxd5 Nb4 16. Re5+ Kd7 17. Bc4 Bd6 18. Rd1 Rh4 19. Re4 Re8 20. Bxd6 Rexe4 21. Bxb4+ Kc8 22. b3 b5 23. f3 Re5 24. g3 Rxh2 25. Bxf7 Rg2 26. g4 Rf2 27. Bd5 Rfe2 28. Bc3 Re7 29. Be4 g5 30. Rd5 1-0

[Event "Gibraltar Masters 18th"]
[Site "Caleta"]
[Date "2020.01.28"]
[Round "8"]
[White "Raghav, Srivathsav V"]
[Black "Antova, Gabriela"]
[Result "0-1"]
[WhiteElo "2023"]
[BlackElo "2295"]
[PlyCount "118"]
[EventDate "2020.01.21"]
[EventType "swiss"]
[EventRounds "10"]
[EventCountry "GGB"]
[SourceTitle "CBM 194 Extra"]
[Source "ChessBase"]
[SourceDate "2020.03.31"]
[SourceVersion "1"]
[SourceVersionDate "2020.03.31"]
[SourceQuality "1"]

1. b3 d5 2. Bb2 Nf6 3. g3 g6 4. Bg2 Bg7 5. e3 c5 6. Ne2 0-0 7. 0-0 Nc6 8. f4 Bf5 9. h3 h5 10. Nbc3 d4 11. Na4 dxe3 12. dxe3 Qc8 13. Nxc5 Bxh3 14. Bxh3 Qxh3 15. Bxf6 Bxf6 16. Rb1 Rad8 17. Qe1 Qf5 18. Nd3 Kg7 19. Qf2 e5 20. fxe5 Qxf2+ 21. Kxf2 Bxe5 22. Nxe5 Nxe5 23. Nd4 Ng4+ 24. Kg1 Nxe3 25. Rf3 Rfe8 26. c3 a6 27. Re1 Ng4 28. Ref1 Rd7 29. a4 Re5 30. b4 a5 31. Nb3 axb4 32. cxb4 f5 33. Rc1 Re2 34. a5 Rde7 35. Rfc3 Kh6 36. Nd4 Rb2 37. Nc2 Re2 38. b5 Rd2 39. b6 Kg5 40. Ne1 Ne5 41. Rc5 Nd3 42. Nf3+ Kg4 43. Nxd2 Nxc5 44. Nc4 Rb5 45. Rc3 Ne4 46. Ra3 Nxg3 47. Nd6 Rb1+ 48. Kf2 Ne4+ 49. Nxe4 fxe4 50. Ke3 h4 51. Kxe4 h3 52. Ra2 Kg3 53. Ra3+ Kh4 54. Ra2 Kg3 55. Ra3+ Kh4 56. Ra2 g5 57. Kd5 g4 58. a6 bxa6 59. Kc6 g3 0-1

[Event "Gibraltar Masters 18th"]
[Site "Caleta"]
[Date "2020.01.27"]
[Round "7"]
[White "Povah, Nigel Edward"]
[Black "Raghav, Srivathsav V"]
[Result "1/2-1/2"]
[WhiteElo "2284"]
[BlackElo "2023"]
[PlyCount "95"]
[EventDate "2020.01.21"]
[EventType "swiss"]
[EventRounds "10"]
[EventCountry "GGB"]
[SourceTitle "CBM 194 Extra"]
[Source "ChessBase"]
[SourceDate "2020.03.31"]
[SourceVersion "1"]
[SourceVersionDate "2020.03.31"]
[SourceQuality "1"]

1. d4 g6 2. e4 Bg7 3. Nc3 d6 4. Be3 Nf6 5. Nf3 c6 6. Qd2 b5 7. Bd3 Bb7 8. 0-0 0-0 9. Bh6 Nbd7 10. a4 a6 11. e5 dxe5 12. dxe5 Ne8 13. Ne4 Qc7 14. Bxg7 Nxg7 15. Qg5 f6 16. exf6 exf6 17. Qg3 Qxg3 18. hxg3 Rad8 19. b4 Nb6 20. Nc5 Bc8 21. axb5 axb5 22. Be4 Nd5 23. Bxd5+ Rxd5 24. c3 Ne6 25. Nxe6 Bxe6 26. Rfe1 Bd7 27. Rad1 Re8 28. Rf1 Be6 29. Nd4 Bd7 30. Nb3 Ree5 31. Nc5 Bf5 32. f3 h5 33. Kf2 Bc2 34. Rxd5 Rxd5 35. Ke3 Re5+ 36. Kd2 Bf5 37. Ra1 Re7 38. Ra6 Rc7 39. Ke3 Kf7 40. Kd4 Ke7 41. Ra8 Kf7 42. Rh8 Kg7 43. Rb8 Re7 44. Rb7 Kf7 45. c4 bxc4 46. Kxc4 g5 47. Kd4 g4 48. Rxe7+ 1/2-1/2

[Event "Gibraltar Masters 18th"]
[Site "Caleta"]
[Date "2020.01.24"]
[Round "4"]
[White "Raghav, Srivathsav V"]
[Black "Piasetski, Leon David"]
[Result "1/2-1/2"]
[WhiteElo "2023"]
[BlackElo "2219"]
[PlyCount "58"]
[EventDate "2020.01.21"]
[EventType "swiss"]
[EventRounds "10"]
[EventCountry "GGB"]
[SourceTitle "CBM 194 Extra"]
[Source "ChessBase"]
[SourceDate "2020.03.31"]
[SourceVersion "1"]
[SourceVersionDate "2020.03.31"]
[SourceQuality "1"]

1. Nf3 d5 2. g3 c6 3. Bg2 Bg4 4. 0-0 Nd7 5. d4 e6 6. c4 Ngf6 7. Qb3 Qb6 8. c5 Qc7 9. Bf4 Qc8 10. Nc3 Be7 11. Qc2 0-0 12. e4 dxe4 13. Nxe4 Bf5 14. Nfd2 Nxe4 15. Bxe4 Bg6 16. Rfe1 Nf6 17. Bxg6 hxg6 18. Ne4 Nxe4 19. Qxe4 Rd8 20. Rad1 Rd5 21. Be5 Qd7 22. Qe2 Rd8 23. Rc1 Bf6 24. Rc2 Bxe5 25. dxe5 Rd3 26. Qe4 Qd4 27. Qxd4 R8xd4 28. Ree2 Kf8 29. Kg2 Rd8 1/2-1/2

[Event "Mumbai Wealth rating op 4th"]
[Site "Mumbai"]
[Date "2019.01.07"]
[Round "9"]
[White "Sa, Kannan"]
[Black "Raghav, Srivathsav V"]
[Result "1-0"]
[WhiteElo "2069"]
[BlackElo "2056"]
[PlyCount "69"]
[EventDate "2018.12.30"]
[EventType "swiss"]
[EventRounds "9"]
[EventCountry "IND"]
[SourceTitle "CBM 188 Extra"]
[Source "ChessBase"]
[SourceDate "2019.02.26"]
[SourceVersion "1"]
[SourceVersionDate "2019.02.26"]
[SourceQuality "1"]

1. d4 Nf6 2. c4 g6 3. Nc3 Bg7 4. e4 d6 5. f3 0-0 6. Be3 c5 7. d5 a6 8. Qd2 Nbd7 9. Bh6 Re8 10. Bxg7 Kxg7 11. Bd3 Ne5 12. Nge2 e6 13. 0-0 exd5 14. Nxd5 Nxd5 15. exd5 b5 16. b3 Kg8 17. Rfe1 Bd7 18. Ng3 f5 19. Bf1 Qh4 20. Rac1 bxc4 21. Bxc4 a5 22. f4 Qh6 23. Nf1 Nxc4 24. bxc4 Qg7 25. Kf2 Rxe1 26. Rxe1 Rb8 27. Re2 Rb4 28. g3 a4 29. a3 Rxc4 30. Qa5 Qf8 31. Qc7 Be8 32. Re6 Re4 33. Ne3 Bf7 34. Rxd6 Qh6 35. h4 1-0

[Event "Mumbai Wealth rating op 4th"]
[Site "Mumbai"]
[Date "2019.01.02"]
[Round "4"]
[White "Adireddy, Arjun"]
[Black "Raghav, Srivathsav V"]
[Result "0-1"]
[WhiteElo "1468"]
[BlackElo "2056"]
[PlyCount "62"]
[EventDate "2018.12.30"]
[EventType "swiss"]
[EventRounds "9"]
[EventCountry "IND"]
[SourceTitle "CBM 188 Extra"]
[Source "ChessBase"]
[SourceDate "2019.02.26"]
[SourceVersion "1"]
[SourceVersionDate "2019.02.26"]
[SourceQuality "1"]

1. e4 d5 2. exd5 Qxd5 3. Nc3 Qd6 4. d4 Nf6 5. Nf3 a6 6. h3 Bf5 7. Bd3 Bxd3 8. Qxd3 Nc6 9. a3 e6 10. Be3 Be7 11. Ne2 Qd7 12. Ng3 h6 13. 0-0-0 0-0-0 14. Ne5 Nxe5 15. dxe5 Qc6 16. Qe2 Nd5 17. Ne4 f5 18. exf6 gxf6 19. f4 f5 20. Nf2 Bf6 21. Nd3 Qc4 22. c3 Bxc3 23. bxc3 Qxc3+ 24. Kb1 Qb3+ 25. Kc1 Qxa3+ 26. Kc2 Qa2+ 27. Nb2 Nb4+ 28. Kc3 Qa3+ 29. Kc4 b5+ 30. Kc5 Nd3+ 31. Kc6 Rd6# 0-1

[Event "Mumbai Wealth rating op 4th"]
[Site "Mumbai"]
[Date "2018.12.31"]
[Round "2"]
[White "Raghav, Srivathsav V"]
[Black "Aditya, Ramanathan"]
[Result "0-1"]
[WhiteElo "2056"]
[BlackElo "1493"]
[PlyCount "112"]
[EventDate "2018.12.30"]
[EventType "swiss"]
[EventRounds "9"]
[EventCountry "IND"]
[SourceTitle "CBM 188 Extra"]
[Source "ChessBase"]
[SourceDate "2019.02.26"]
[SourceVersion "1"]
[SourceVersionDate "2019.02.26"]
[SourceQuality "1"]

1. b3 Nf6 2. Bb2 g6 3. e4 Bg7 4. g3 0-0 5. Bg2 d6 6. Ne2 c5 7. 0-0 Nc6 8. Nbc3 e6 9. f4 a6 10. h3 d5 11. e5 Nd7 12. a4 f5 13. exf6 Nxf6 14. Ba3 d4 15. Ne4 Nxe4 16. Bxe4 d3 17. Bxd3 Bxa1 18. Qxa1 b6 19. Be4 Bb7 20. d3 Qd7 21. Bb2 Nb4 22. Bxb7 Qxb7 23. Qe1 e5 24. Qd2 Qd7 25. Bxe5 Qxh3 26. Rf2 Rae8 27. Rg2 Nc6 28. Bb2 Qg4 29. b4 cxb4 30. d4 Qf3 31. d5 Rd8 32. c4 bxc3 33. Nxc3 Ne7 34. Qd4 Nf5 35. Qxb6 Ne3 36. Qe6+ Rf7 37. Re2 Qxg3+ 38. Kh1 Qf3+ 39. Kg1 Qf1+ 40. Kh2 Qxf4+ 41. Kg1 Qg5+ 42. Kh1 Nxd5 43. Ne4 Qh4+ 44. Kg1 Nf4 45. Nf6+ Qxf6 46. Bxf6 Nxe6 47. Rxe6 Rd2 48. Bg5 Ra2 49. Rxa6 Rb7 50. Rf6 Rb1+ 51. Rf1 Rxf1+ 52. Kxf1 Rxa4 53. Ke2 Kg7 54. Kf3 h6 55. Be3 g5 56. Kg2 Kg6 0-1

[Event "Kathmandu op"]
[Site "Kathmandu"]
[Date "2018.04.14"]
[Round "3"]
[White "Acharya, Sushan"]
[Black "Raghav, Srivathsav V"]
[Result "0-1"]
[WhiteElo "1615"]
[BlackElo "2114"]
[PlyCount "52"]
[EventDate "2018.04.13"]
[EventType "swiss"]
[EventRounds "9"]
[EventCountry "NEP"]
[SourceTitle "CBM 183 Extra"]
[Source "ChessBase"]
[SourceDate "2018.04.19"]
[SourceVersion "1"]
[SourceVersionDate "2018.04.19"]
[SourceQuality "1"]

1. Nf3 Nf6 2. c4 g6 3. b4 Bg7 4. Bb2 0-0 5. g3 d6 6. Bg2 e5 7. 0-0 Nc6 8. b5 Ne7 9. d3 a6 10. a4 axb5 11. axb5 Rxa1 12. Bxa1 Nd7 13. d4 h6 14. Nc3 f5 15. dxe5 dxe5 16. Nd5 c6 17. Nxe7+ Qxe7 18. Nh4 Qe6 19. bxc6 bxc6 20. Qa4 e4 21. Bxg7 Kxg7 22. Bh3 Ne5 23. c5 Qe7 24. Ng2 Qxc5 25. Rd1 g5 26. Ne1 f4 0-1

[Event "Madrid Tajamar Easter op-A"]
[Site "Madrid"]
[Date "2018.03.27"]
[Round "7"]
[White "Vaquerizo Calvo, Miguel Arturo"]
[Black "Raghav, Srivathsav V"]
[Result "0-1"]
[WhiteElo "2015"]
[BlackElo "2088"]
[PlyCount "110"]
[EventDate "2018.03.22"]
[EventType "swiss"]
[EventRounds "7"]
[EventCountry "ESP"]
[SourceTitle "EXT 2019"]
[Source "ChessBase"]
[SourceDate "2018.10.10"]
[SourceVersion "1"]
[SourceVersionDate "2018.10.10"]
[SourceQuality "1"]

1. e4 d5 2. exd5 Qxd5 3. Nc3 Qd6 4. b4 Nf6 5. Nf3 a6 6. Be2 Bf5 7. 0-0 e6 8. a4 Be7 9. Ba3 Qd8 10. Ne5 0-0 11. d4 h6 12. Bf3 c6 13. Re1 Qc7 14. Qc1 Rd8 15. Qb2 Nbd7 16. b5 Bxa3 17. Rxa3 axb5 18. axb5 Rxa3 19. Qxa3 c5 20. b6 Qxb6 21. Rb1 Qa6 22. Qxa6 bxa6 23. Nc6 Re8 24. Ra1 Bxc2 25. Rxa6 Bd3 26. Ra1 cxd4 27. Nxd4 e5 28. Ndb5 Rc8 29. Ra8 Rxa8 30. Bxa8 Kf8 31. f3 Ke7 32. Kf2 Nb6 33. Bc6 Nc4 34. Nd5+ Nxd5 35. Bxd5 Nb6 36. Nc3 Nxd5 37. Nxd5+ Kd6 38. Ne3 f5 39. g3 Kc5 40. Ng2 Kd4 41. Ne3 g6 42. Ng2 g5 43. Ne3 h5 44. Ng2 Bc4 45. Ne3 Be6 46. Ng2 Bd7 47. Ne3 f4 48. gxf4 exf4 49. Ng2 h4 50. Ke2 h3 51. Ne1 Kc3 52. Kd1 Ba4+ 53. Ke2 Bb3 54. Kf1 Kd2 55. Kf2 Bc4 0-1

[Event "Madrid Tajamar Easter op-A"]
[Site "Madrid"]
[Date "2018.03.24"]
[Round "3"]
[White "Raghav, Srivathsav V"]
[Black "Cabanas Bravo, Juan Andres"]
[Result "1-0"]
[WhiteElo "2088"]
[BlackElo "1967"]
[PlyCount "81"]
[EventDate "2018.03.22"]
[EventType "swiss"]
[EventRounds "7"]
[EventCountry "ESP"]
[SourceTitle "EXT 2019"]
[Source "ChessBase"]
[SourceDate "2018.10.10"]
[SourceVersion "1"]
[SourceVersionDate "2018.10.10"]
[SourceQuality "1"]

1. e4 e5 2. Qf3 Bc5 3. Bc4 Qf6 4. d3 Nc6 5. c3 Na5 6. Nd2 Nxc4 7. Nxc4 d6 8. b4 Bb6 9. a4 a6 10. Nxb6 cxb6 11. Qxf6 Nxf6 12. Be3 Nd7 13. Nf3 f6 14. Nd2 Kd8 15. Nc4 Kc7 16. Ke2 Rb8 17. Rhc1 b5 18. axb5 axb5 19. Na3 Nf8 20. Nxb5+ Kc6 21. Na7+ Kc7 22. Nxc8 Rxc8 23. c4 Ne6 24. c5 Ra8 25. h4 dxc5 26. bxc5 Rxa1 27. Rxa1 Kc6 28. Rb1 Nd4+ 29. Bxd4 exd4 30. Rb6+ Kxc5 31. Rxb7 Ra8 32. Rd7 Ra4 33. h5 h6 34. g4 Kc6 35. Rd5 Kc7 36. Kf3 Rb4 37. Kf4 Kc6 38. Kf5 Rb5 39. Rxb5 Kxb5 40. f4 Kb4 41. e5 1-0

[Event "Madrid Tajamar Easter op-A"]
[Site "Madrid"]
[Date "2018.03.24"]
[Round "4"]
[White "Vallejo Nuno, Jorge"]
[Black "Raghav, Srivathsav V"]
[Result "1-0"]
[WhiteElo "2115"]
[BlackElo "2088"]
[PlyCount "93"]
[EventDate "2018.03.22"]
[EventType "swiss"]
[EventRounds "7"]
[EventCountry "ESP"]
[SourceTitle "EXT 2019"]
[Source "ChessBase"]
[SourceDate "2018.10.10"]
[SourceVersion "1"]
[SourceVersionDate "2018.10.10"]
[SourceQuality "1"]

1. d4 Nf6 2. Bf4 g6 3. e3 Bg7 4. Nf3 0-0 5. Be2 c5 6. c3 b6 7. Nbd2 d6 8. 0-0 Bb7 9. h3 Nbd7 10. a4 a6 11. Qb3 Rb8 12. Rfb1 e5 13. Bh2 cxd4 14. cxd4 b5 15. axb5 axb5 16. Qb4 Re8 17. dxe5 dxe5 18. Rd1 Nd5 19. Qxb5 Ba8 20. Rxa8 Rxa8 21. Qxd5 Ra5 22. Qc4 Rc5 23. Qa2 e4 24. Nd4 Bxd4 25. exd4 Ra5 26. Qb3 Qg5 27. Nc4 Rb5 28. Qa2 Qd5 29. Qb1 Rb4 30. Ne3 Qb7 31. Nc4 Qd5 32. Qc2 Rc8 33. b3 h5 34. Qc3 Qb7 35. Rb1 Nf6 36. Bd6 Nd5 37. Qc2 Rb5 38. Bc5 Qa8 39. Nd6 Ra5 40. Nxc8 e3 41. Qe4 Qxc8 42. Qxd5 exf2+ 43. Kxf2 Ra2 44. b4 Qa6 45. b5 Qf6+ 46. Qf3 Qe6 47. Ke1 1-0

[Event "Madrid Tajamar Easter op-A"]
[Site "Madrid"]
[Date "2018.03.22"]
[Round "1"]
[White "Fernandez Quintero, Jose Antonio"]
[Black "Raghav, Srivathsav V"]
[Result "0-1"]
[WhiteElo "1857"]
[BlackElo "2088"]
[PlyCount "78"]
[EventDate "2018.03.22"]
[EventType "swiss"]
[EventRounds "7"]
[EventCountry "ESP"]
[SourceTitle "EXT 2019"]
[Source "ChessBase"]
[SourceDate "2018.10.10"]
[SourceVersion "1"]
[SourceVersionDate "2018.10.10"]
[SourceQuality "1"]

1. d4 Nf6 2. c4 g6 3. Nc3 Bg7 4. e4 d6 5. Be2 0-0 6. Bg5 h6 7. Be3 e5 8. d5 a5 9. h4 Na6 10. Qd2 Kh7 11. Nh3 Ng4 12. Bxg4 Bxg4 13. f3 Bd7 14. g4 Nb4 15. Nf2 f5 16. gxf5 gxf5 17. exf5 Bxf5 18. Nfe4 Bxe4 19. fxe4 Rf3 20. 0-0-0 Qd7 21. a3 Na6 22. Rhg1 h5 23. Rg5 Qf7 24. Rgg1 Rxe3 25. Rxg7+ Qxg7 26. Qxe3 Rf8 27. Rg1 Qf7 28. Qg5 Qf4+ 29. Kc2 Qxg5 30. Rxg5 Rf2+ 31. Kd3 Kh6 32. Nd1 Rh2 33. Rg3 Rxh4 34. Ne3 Nc5+ 35. Kc2 Kh7 36. Nf5 Rg4 37. Rh3 Nxe4 38. Ne3 Rg3 39. Rxh5+ Kg6 0-1

[Event "Johor op 4th"]
[Site "Johor"]
[Date "2017.12.16"]
[Round "9"]
[White "Raghav, Srivathsav V"]
[Black "Menkinoski, Riste"]
[Result "1/2-1/2"]
[WhiteElo "1960"]
[BlackElo "2321"]
[PlyCount "121"]
[EventDate "2017.12.11"]
[EventType "swiss"]
[EventRounds "9"]
[EventCountry "MAS"]
[SourceTitle "EXT 2019"]
[Source "ChessBase"]
[SourceDate "2018.10.10"]
[SourceVersion "1"]
[SourceVersionDate "2018.10.10"]
[SourceQuality "1"]

1. b3 d5 2. Bb2 Bg4 3. f3 Bh5 4. e4 dxe4 5. Qe2 c6 6. Qxe4 Bg6 7. Qb4 Qb6 8. Qxb6 axb6 9. d3 Na6 10. a3 0-0-0 11. f4 Nf6 12. Nf3 Nd5 13. g3 Ne3 14. Bh3+ e6 15. Kd2 Nf5 16. Ne5 Nd4 17. Bxd4 Rxd4 18. Nc3 Rd8 19. b4 b5 20. Ke2 Bd6 21. Nxg6 hxg6 22. Bg2 e5 23. Ne4 exf4 24. Nxd6+ Rxd6 25. gxf4 Rf6 26. Raf1 Rh4 27. Ke3 Nc7 28. Be4 Rh3+ 29. Kd2 Rh5 30. Ke3 Rh3+ 31. Kd2 Nd5 32. Bxd5 cxd5 33. Ke2 Kd7 34. Rf2 Rf5 35. Rg1 Ke6 36. c3 Rfh5 37. Rgg2 d4 38. Kd2 Rf5 39. cxd4 Kd5 40. Kc3 Rh4 41. Rg5 Kd6 42. Rxf5 gxf5 43. Re2 f6 44. Rg2 Rg4 45. Rf2 g6 46. Rf3 Kd5 47. h3 Rg1 48. Re3 Rc1+ 49. Kd2 Rf1 50. Re7 Rxf4 51. Rxb7 Kxd4 52. Rd7+ Ke5 53. Rb7 Rf3 54. h4 Rh3 55. Rxb5+ Kd4 56. Rb6 Rxd3+ 57. Ke2 Rxa3 58. Rxf6 Rg3 59. h5 gxh5 60. Rxf5 Rh3 61. Kf2 1/2-1/2

[Event "Johor op 4th"]
[Site "Johor"]
[Date "2017.12.13"]
[Round "5"]
[White "Syaputra, Arifa Rizki"]
[Black "Raghav, Srivathsav V"]
[Result "1/2-1/2"]
[WhiteElo "2158"]
[BlackElo "1960"]
[PlyCount "53"]
[EventDate "2017.12.11"]
[EventType "swiss"]
[EventRounds "9"]
[EventCountry "MAS"]
[SourceTitle "CBM 182 Extra"]
[Source "ChessBase"]
[SourceDate "2018.02.23"]
[SourceVersion "1"]
[SourceVersionDate "2018.02.23"]
[SourceQuality "1"]

1. Nf3 Nf6 2. d4 g6 3. Bf4 Bg7 4. e3 0-0 5. h3 c5 6. Nbd2 d5 7. c3 Nc6 8. Be2 Nd7 9. 0-0 e5 10. dxe5 Ndxe5 11. Nxe5 Nxe5 12. Nf3 Nxf3+ 13. Bxf3 d4 14. Qb3 dxc3 15. bxc3 Qb6 16. Rab1 Bf5 17. e4 Qxb3 18. Rxb3 Be6 19. Rxb7 Bxc3 20. Bd6 Rfc8 21. e5 a5 22. Re7 Rab8 23. Bxb8 Rxb8 24. Rc7 Bd4 25. Ra7 Bxa2 26. Rxa5 Rb2 27. Kh1 1/2-1/2

[Event "IND-ch U19"]
[Site "Kankarbagh"]
[Date "2017.09.06"]
[Round "6"]
[White "Raghav, Srivathsav V"]
[Black "Kaustuv, Kundu"]
[Result "1-0"]
[WhiteElo "1982"]
[BlackElo "2176"]
[PlyCount "83"]
[EventDate "2017.09.03"]
[EventType "swiss"]
[EventRounds "11"]
[EventCountry "IND"]
[SourceTitle "CBM 180 Extra"]
[Source "ChessBase"]
[SourceDate "2017.10.06"]
[SourceVersion "1"]
[SourceVersionDate "2017.10.06"]
[SourceQuality "1"]

1. e4 c5 2. b3 d6 3. Bb2 Nd7 4. g3 Ngf6 5. Bg2 g6 6. Ne2 Bg7 7. 0-0 0-0 8. Nbc3 Rb8 9. a4 Ne5 10. f4 Nc6 11. h3 c4 12. Kh1 Qb6 13. Rb1 cxb3 14. cxb3 Be6 15. Ba1 Na5 16. b4 Nc6 17. a5 Qd8 18. g4 a6 19. d4 Bd7 20. e5 Ne8 21. Nd5 e6 22. Nb6 d5 23. f5 exf5 24. Nxd7 Qxd7 25. gxf5 f6 26. fxg6 hxg6 27. Nf4 Ne7 28. Qd3 f5 29. b5 g5 30. Nh5 Ra8 31. bxa6 Rxa6 32. Qb5 Qe6 33. Qxb7 Rxa5 34. Bc3 Ra4 35. Bb4 Rxb4 36. Rxb4 Qf7 37. Ng3 f4 38. Rb5 Qe6 39. Rb6 Qf7 40. Ra6 g4 41. hxg4 Kh8 42. Nh5 1-0

[Event "Benidorm op U2000 15th"]
[Site "Benidorm"]
[Date "2016.12.05"]
[Round "4"]
[White "Manas Garcia Mascaraque, Ramon"]
[Black "Raghav, Srivathsav V"]
[Result "1/2-1/2"]
[WhiteElo "1913"]
[BlackElo "1993"]
[PlyCount "94"]
[EventDate "2016.12.02"]
[EventType "swiss"]
[EventRounds "10"]
[EventCountry "ESP"]
[SourceTitle "EXT 2019"]
[Source "ChessBase"]
[SourceDate "2018.10.10"]
[SourceVersion "1"]
[SourceVersionDate "2018.10.10"]
[SourceQuality "1"]

1. e4 d6 2. d4 Nf6 3. Nc3 e5 4. Nf3 Nbd7 5. Bc4 Be7 6. h3 c6 7. a4 a5 8. 0-0 0-0 9. Re1 exd4 10. Qxd4 Nc5 11. Be3 Re8 12. Rad1 Ne6 13. Qd2 Qc7 14. Ng5 Bf8 15. Bf4 Nxg5 16. Bxg5 Nd7 17. Be3 Ne5 18. Bb3 Be6 19. Bxe6 fxe6 20. Qe2 Nf7 21. Bf4 Qb6 22. b3 Qc7 23. Qc4 Qe7 24. Re3 Rac8 25. Qd3 Qd8 26. Bg3 d5 27. exd5 exd5 28. Ne2 Bc5 29. Rxe8+ Qxe8 30. Nd4 Qd7 31. Re1 Re8 32. Rxe8+ Qxe8 33. Qe2 Qxe2 34. Nxe2 Bd6 35. Kf1 Kf8 36. f3 Bxg3 37. Nxg3 g6 38. Ke2 Ke7 39. Ke3 Kd6 40. Ne2 Ke5 41. f4+ Kd6 42. g4 Nd8 43. Nd4 Kc5 44. c3 b5 45. Kd3 bxa4 46. bxa4 Kd6 47. Nb3 Nb7 1/2-1/2

[Event "Benidorm op U2000 15th"]
[Site "Benidorm"]
[Date "2016.12.03"]
[Round "2"]
[White "Grau Peris, Ruben"]
[Black "Raghav, Srivathsav V"]
[Result "0-1"]
[WhiteElo "1857"]
[BlackElo "1993"]
[PlyCount "80"]
[EventDate "2016.12.02"]
[EventType "swiss"]
[EventRounds "10"]
[EventCountry "ESP"]
[SourceTitle "EXT 2019"]
[Source "ChessBase"]
[SourceDate "2018.10.10"]
[SourceVersion "1"]
[SourceVersionDate "2018.10.10"]
[SourceQuality "1"]

1. d4 d6 2. Nf3 Nd7 3. g3 e5 4. dxe5 dxe5 5. Bg2 Ngf6 6. 0-0 Bc5 7. Bg5 0-0 8. Nc3 Qe8 9. Nd2 h6 10. Bxf6 Nxf6 11. Nde4 Nxe4 12. Nxe4 Bd4 13. c3 Bb6 14. Qd5 Kh8 15. a4 a5 16. Rfd1 f5 17. Nc5 c6 18. Qc4 e4 19. b4 Qe7 20. e3 Bxc5 21. Qxc5 Qxc5 22. bxc5 Be6 23. Rd4 Rae8 24. Rad1 Kh7 25. Bf1 g5 26. Bh3 Kg7 27. Bf1 Bc8 28. Be2 g4 29. Bc4 Re5 30. Rd8 Rxc5 31. Rxf8 Kxf8 32. Rd4 Ke7 33. Kf1 b5 34. axb5 cxb5 35. Be2 Bd7 36. c4 b4 37. Bd1 a4 38. Rxd7+ Kxd7 39. Bxa4+ Kd6 40. Bb5 Rxb5 0-1